La Deuda y el ajuste para el desarrollo /
sin resumen
Saved in:
| Main Author: | |
|---|---|
| Format: | Text |
| Subjects: | |
| Tags: |
Add Tag
No Tags, Be the first to tag this record!
|
MARC
| LEADER | 00000 a a2200000 04500 | ||
|---|---|---|---|
| 001 | 8699 | ||
| 003 | |||
| 040 | |||
| 100 | |a Vargas Retana, Rafael | ||
| 245 | |a La Deuda y el ajuste para el desarrollo / |c Rafael Vargas Retana | ||
| 520 | |a sin resumen | ||
| 650 | |a DEUDA EXTERNA | ||
| 650 | |a BALANZA DE PAGOS | ||
| 773 | |g núm 21 (1990), páginas 1, 6-9 | ||
| 999 | |c 26560 |d 26560 | ||
| 773 | 0 | |0 43333 |9 4820 |a Bolsa Nacional de Valores |d San José, Costa Rica Bolsa Nacional de Valores |o MFN: 1162 |t Informativo de la Bolsa Nacional de Valores/ | |
